[Event "UZB-ch Women 2019"]
[Site "Tashkent"]
[Date "2019.05.09"]
[Round "6.1"]
[White "Yakubbaeva, Nilufar"]
[Black "Gevorgyan, Irina"]
[Result "1-0"]
[WhiteElo "2134"]
[BlackElo "2315"]
[Annotator "TA"]
[PlyCount "55"]
[EventDate "2019.05.04"]
[EventType "tourn"]
[EventCountry "UZB"]
[SourceTitle "playchess.com"]
[Source "ChessBase"]
[SourceQuality "1"]

{[%evp 9,55,-4,0,-10,0,0,12,23,22,32,30,23,21,34,48,41,53,41,91,91,93,82,111,106,116,111,156,149,147,153,172,169,176,186,218,208,219,215,278,262,330,327,329,319,339,341,691,674]} 1. e4 c5 2. Nf3 e6 3. c3 d5 4. e5 d4 5. cxd4 cxd4 6. Bd3 {B40: Sicilian: 2...e6, Unusual lines} Nc6 (6... Bd7 7. O-O Bc6 8. Re1 g5 9. h3 h5 10. h4 g4 11. Ng5 Be7 12. Be4 Bxg5 13. hxg5 Bxe4 14. Rxe4 Qxg5 {½-½ (47) Kalezic,B (2460)-Banikas,H (2601) Skopje 2018}) 7. Na3 Nge7 8. O-O {The position is equal.} Nd5 $146 ({Predecessor:} 8... Ng6 9. Re1 Be7 10. b3 O-O 11. Bb2 a6 12. Nc2 Bc5 13. Re4 Qc7 14. Qe2 b5 15. Ncxd4 Nxd4 16. Bxd4 Bxd4 17. Rxd4 Bb7 18. Be4 Nf4 19. Bxh7+ {1-0 (19) Arp,F (2028)-Byhan,G (1947) Bad Sooden 2014}) 9. b3 Be7 10. Bb2 O-O 11. Qb1 g6 12. Nb5 Bc5 13. Bc4 ({Worse is} 13. Nbxd4 Nxd4 14. Nxd4 (14. Bxd4 Bxd4 15. Nxd4 Nf4 $17) 14... Nf4 $17) 13... Nb6 14. Qe4 Nxc4 15. bxc4 d3 16. Qf4 Be7 17. Qh6 f5 18. Nd6 Qc7 19. Rae1 Rd8 20. Ng5 $40 {[%mdl 128] White is out for blood.} Bxg5 21. Qxg5 Qe7 22. Qg3 Bd7 23. Qxd3 Be8 24. Qg3 Qg7 {White should prevent ...Rxd6.} 25. d4 Ne7 26. d5 ({Less strong is} 26. Nxb7 Rdb8 $16) 26... Bd7 27. Bc1 ({Don't do} 27. Nxb7 Rdb8 $18) 27... g5 $2 {[#]} (27... h6 28. Nxb7 Rdc8) 28. Bxg5 {Accuracy: White = 92%, Black = 32%.} 1-0

[Event "UZB-ch Women 2019"]
[Site "Tashkent"]
[Date "2019.05.09"]
[Round "6.2"]
[White "Omonova, Umida"]
[Black "Khusainova, Ozoda"]
[Result "1-0"]
[WhiteElo "2083"]
[BlackElo "1674"]
[Annotator "NA RC"]
[PlyCount "77"]
[EventDate "2019.05.04"]
[EventType "tourn"]
[EventCountry "UZB"]
[SourceTitle "playchess.com"]
[Source "ChessBase"]
[SourceQuality "1"]
[TimeControl "5400+30"]

1. e4 {[%emt 0:00:11]} c5 {[%emt 0:00:00]} 2. Nf3 {[%emt 0:01:13]} e6 {[%emt 0:00:28]} 3. d4 {[%emt 0:00:58]} cxd4 {[%emt 0:00:06]} 4. Nxd4 {[%emt 0:00:10]} a6 {[%emt 0:00:06]} 5. Bd3 {[%emt 0:00:28]} Qc7 {[%emt 0:01:24]} 6. O-O {[%emt 0:00:17]} Nc6 {[%emt 0:01:18]} 7. Nxc6 {[%emt 0:01:29]} bxc6 {[%emt 0:02:31]} 8. Qe2 {[%emt 0:05:03]} d5 {[%emt 0:03:26]} 9. c4 {[%emt 0:02:38]} Nf6 {[%emt 0:09:37]} 10. Nd2 {[%emt 0:04:29]} Bd6 {[%emt 0:01:18]} 11. g3 {[%emt 0:03:04]} Bb7 {[%emt 0:06:25]} 12. f4 {[%emt 0:03:00]} O-O-O {[%emt 0:11:35]} 13. e5 {[%emt 0:04:54]} Bc5+ {[%emt 0:00:28]} 14. Kg2 {[%emt 0:00:10]} Nd7 {[%emt 0:01:18]} 15. cxd5 {[%emt 0:01:48]} exd5 {[%emt 0:03:12]} 16. Bxa6 {[%emt 0:01:03]} g5 {[%emt 0:07:12]} 17. Bxb7+ {[%emt 0:02:11]} Kxb7 {[%emt 0:00:12]} 18. b4 {[%emt 0:02:14]} Bd4 {[%emt 0:03:50]} 19. Rb1 {[%emt 0:01:26]} gxf4 {[%emt 0:03:46]} 20. gxf4 {[%emt 0:05:47]} Rhg8+ {[%emt 0:03:14]} 21. Kh1 {[%emt 0:00:13]} Rg7 {[%emt 0:10:13]} 22. Nb3 {[%emt 0:02:19]} Qb6 {[%emt 0:02:01]} 23. Qd3 {[%emt 0:01:42]} Nxe5 {[%emt 0:10:48]} 24. fxe5 {[%emt 0:02:08]} Bxe5 {[%emt 0:00:26]} 25. Nc5+ {[%emt 0:00:18]} Ka8 {[%emt 0:02:40]} 26. Bf4 {[%emt 0:05:06]} Bxf4 {[%emt 0:04:03]} 27. Rxf4 {[%emt 0:00:35]} Rdg8 {[%emt 0:01:34]} 28. Rbf1 {[%emt 0:01:07]} Qa7 {[%emt 0:00:34]} 29. Qd4 {[%emt 0:07:45]} Qe7 {[%emt 0:05:11]} 30. Qf2 {[%emt 0:05:42]} Qg5 {[%emt 0:02:30]} 31. a4 {[%emt 0:02:54]} Qh5 {[%emt 0:02:11]} 32. Rxf7 {[%emt 0:03:55]} Qg6 {[%emt 0:00:58]} 33. Rxg7 {[%emt 0:00:13]} Qxg7 {[%emt 0:00:18]} 34. Qe2 {[%emt 0:00:26]} h5 {[%emt 0:01:21]} 35. Qa6+ {[%emt 0:00:21]} Kb8 {[%emt 0:00:03]} 36. Qb6+ {[%emt 0:00:06]} Ka8 {[%emt 0:00:09]} 37. Qxc6+ {[%emt 0:00:07]} Kb8 {[%emt 0:00:07]} 38. Nd7+ {[%emt 0:00:06]} Ka7 {[%emt 0:00:24]} 39. Qb6+ {[%emt 0:00:04]} 1-0

[Event "UZB-ch Women 2019"]
[Site "Tashkent"]
[Date "2019.05.09"]
[Round "6.3"]
[White "Hamrakulova, Yulduz"]
[Black "Abdukarimova, Hilola"]
[Result "0-1"]
[WhiteElo "2009"]
[BlackElo "1910"]
[Annotator "NA RC"]
[PlyCount "95"]
[EventDate "2019.05.04"]
[EventType "tourn"]
[EventCountry "UZB"]
[SourceTitle "playchess.com"]
[Source "ChessBase"]
[SourceQuality "1"]
[TimeControl "5400+30"]

1. Nf3 {[%emt 0:00:00]} Nf6 {[%emt 0:00:07]} 2. c4 {[%emt 0:00:00]} g6 {[%emt 0:00:29]} 3. g3 {[%emt 0:01:18]} Bg7 {[%emt 0:00:57]} 4. Bg2 {[%emt 0:01:15]} O-O {[%emt 0:00:49]} 5. O-O {[%emt 0:01:30]} d6 {[%emt 0:01:22]} 6. d4 {[%emt 0:00:27]} Nc6 {[%emt 0:00:26]} 7. Nc3 {[%emt 0:09:38]} a6 {[%emt 0:00:23]} 8. h3 {[%emt 0:20:41]} Rb8 {[%emt 0:01:21]} 9. a4 {[%emt 0:19:25]} Na5 {[%emt 0:06:14]} 10. Nd2 {[%emt 0:06:42]} c5 {[%emt 0:00:29]} 11. d5 {[%emt 0:04:00]} Bd7 {[%emt 0:11:33]} 12. Ra2 {[%emt 0:08:16]} b5 {[%emt 0:10:33]} 13. axb5 {[%emt 0:10:39]} axb5 {[%emt 0:00:08]} 14. b3 {[%emt 0:00:38]} Qb6 {[%emt 0:31:57]} 15. Qc2 {[%emt 0:00:35]} bxc4 {[%emt 0:05:12]} 16. bxc4 Nb3 17. Rb2 {[%emt 0:03:27]} Nd4 {[%emt 0:01:02]} 18. Qd3 {[%emt 0:04:24]} Qa5 {[%emt 0:00:58]} 19. Kh1 {[%emt 0:02:09]} Rxb2 {[%emt 0:04:58]} 20. Bxb2 {[%emt 0:00:01]} Rb8 {[%emt 0:00:11]} 21. Ra1 {[%emt 0:00:24]} Qc7 {[%emt 0:00:43]} 22. Rb1 {[%emt 0:01:12]} Bf5 {[%emt 0:01:45]} 23. e4 {[%emt 0:01:36]} Bc8 {[%emt 0:00:29]} 24. f4 {[%emt 0:00:27]} Ba6 {[%emt 0:01:04]} 25. Ba1 {[%emt 0:01:50]} Nd7 {[%emt 0:00:42]} 26. Re1 {[%emt 0:01:01]} Qa5 {[%emt 0:05:03]} 27. Kh2 {[%emt 0:00:08]} Rb4 {[%emt 0:00:28]} 28. Ne2 {[%emt 0:00:57]} Nf3+ {[%emt 0:09:03]} 29. Bxf3 {[%emt 0:00:21]} Bxa1 {[%emt 0:00:09]} 30. Rc1 {[%emt 0:00:21]} Bg7 {[%emt 0:00:23]} 31. Rc2 {[%emt 0:01:02]} Nb6 {[%emt 0:01:13]} 32. Nc1 {[%emt 0:00:05]} Rb2 {[%emt 0:03:26]} 33. Ncb3 {[%emt 0:00:35]} Qb4 {[%emt 0:00:35]} 34. Rxb2 {[%emt 0:00:29]} Bxb2 {[%emt 0:00:06]} 35. Be2 {[%emt 0:00:05]} Bc3 {[%emt 0:01:03]} 36. Qc2 {[%emt 0:01:01]} Nxc4 {[%emt 0:01:47]} 37. Nxc4 {[%emt 0:00:02]} Bxc4 {[%emt 0:00:08]} 38. Bxc4 {[%emt 0:00:02]} Qxc4 {[%emt 0:00:07]} 39. Na5 {[%emt 0:00:02]} Qd4 {[%emt 0:01:07]} 40. Nc6 {[%emt 0:00:09]} Qe3 {[%emt 0:00:08]} 41. Nxe7+ {[%emt 0:01:11]} Kf8 {[%emt 0:00:10]} 42. Nc8 {[%emt 0:01:17]} Be1 {[%emt 0:00:29]} 43. Qg2 {[%emt 0:00:13]} c4 {[%emt 0:00:29]} 44. Nxd6 {[%emt 0:00:19]} c3 {[%emt 0:00:13]} 45. Qa2 {[%emt 0:02:02]} Qxg3+ {[%emt 0:00:22]} 46. Kh1 {[%emt 0:00:02]} Qf3+ {[%emt 0:00:22]} 47. Kg1 {[%emt 0:00:10]} Qg3+ 48. Kf1 0-1

[Event "UZB-ch Women 2019"]
[Site "Tashkent"]
[Date "2019.05.09"]
[Round "6.4"]
[White "Abdusattorova, Bakhora"]
[Black "Orazmukhammedova, Makhim"]
[Result "1-0"]
[WhiteElo "2094"]
[BlackElo "1928"]
[Annotator "NA RC"]
[PlyCount "87"]
[EventDate "2019.05.04"]
[EventType "tourn"]
[EventCountry "UZB"]
[SourceTitle "playchess.com"]
[Source "ChessBase"]
[SourceQuality "1"]
[TimeControl "5400+30"]

1. e4 {[%emt 0:00:00]} c5 {[%emt 0:00:00]} 2. Nf3 {[%emt 0:00:00]} e6 {[%emt 0:00:00]} 3. d4 {[%emt 0:00:06]} cxd4 {[%emt 0:00:00]} 4. Nxd4 {[%emt 0:00:05]} a6 {[%emt 0:00:00]} 5. Bd3 {[%emt 0:02:04]} Nc6 {[%emt 0:00:35]} 6. Nxc6 {[%emt 0:01:18]} dxc6 {[%emt 0:00:16]} 7. O-O {[%emt 0:00:48]} e5 {[%emt 0:00:54]} 8. Nd2 {[%emt 0:02:42]} Qc7 {[%emt 0:01:27]} 9. a4 {[%emt 0:00:47]} Nf6 {[%emt 0:01:45]} 10. a5 {[%emt 0:03:52]} Be6 {[%emt 0:00:59]} 11. Qe2 {[%emt 0:05:54]} Bc5 {[%emt 0:08:21]} 12. Kh1 {[%emt 0:07:22]} O-O {[%emt 0:01:12]} 13. Nc4 {[%emt 0:01:51]} Rfe8 {[%emt 0:06:00]} 14. Bg5 {[%emt 0:06:44]} Nd7 {[%emt 0:02:50]} 15. Ne3 {[%emt 0:07:09]} f6 {[%emt 0:02:43]} 16. Bh4 {[%emt 0:00:11]} Nf8 {[%emt 0:00:15]} 17. Nf5 {[%emt 0:04:33]} Rad8 {[%emt 0:10:44]} 18. Bc4 {[%emt 0:12:15]} Bb4 {[%emt 0:08:55]} 19. Bxe6+ {[%emt 0:15:38]} Nxe6 {[%emt 0:00:08]} 20. Qg4 {[%emt 0:00:15]} Kh8 {[%emt 0:12:23]} 21. c3 {[%emt 0:04:05]} Bxa5 {[%emt 0:03:20]} 22. Nxg7 {[%emt 0:01:32]} Qxg7 {[%emt 0:00:33]} 23. Qf5 {[%emt 0:00:34]} Ng5 {[%emt 0:16:55]} 24. Rxa5 {[%emt 0:00:35]} Rd2 {[%emt 0:02:39]} 25. b3 {[%emt 0:07:39]} Rg8 {[%emt 0:05:37]} 26. Bg3 {[%emt 0:01:01]} Qg6 {[%emt 0:01:42]} 27. Rxe5 {[%emt 0:01:59]} Qxf5 {[%emt 0:01:46]} 28. Rxf5 {[%emt 0:00:07]} Nxe4 {[%emt 0:00:19]} 29. Bh4 {[%emt 0:00:27]} Rg6 {[%emt 0:05:14]} 30. Re1 {[%emt 0:01:01]} Kg7 {[%emt 0:01:45]} 31. h3 {[%emt 0:01:45]} Nd6 {[%emt 0:00:06]} 32. Rh5 {[%emt 0:02:00]} Rd3 {[%emt 0:04:42]} 33. Re7+ {[%emt 0:00:49]} Kf8 {[%emt 0:00:25]} 34. Rhxh7 {[%emt 0:01:58]} Rxc3 {[%emt 0:00:58]} 35. Rd7 {[%emt 0:00:38]} Ne8 {[%emt 0:01:13]} 36. Rxb7 {[%emt 0:01:21]} Rc1+ {[%emt 0:00:39]} 37. Kh2 {[%emt 0:00:02]} a5 {[%emt 0:00:34]} 38. Bg3 {[%emt 0:00:45]} Rg7 {[%emt 0:00:27]} 39. Rh8+ {[%emt 0:02:46]} Rg8 {[%emt 0:00:01]} 40. Rh4 {[%emt 0:00:21]} Rc3 {[%emt 0:01:01]} 41. Bf4 {[%emt 0:00:23]} Ng7 {[%emt 0:00:29]} 42. Bd6+ {[%emt 0:00:28]} Ke8 {[%emt 0:00:02]} 43. Re4+ {[%emt 0:00:09]} Kd8 {[%emt 0:00:04]} 44. Ree7 {[%emt 0:00:08]} 1-0

[Event "UZB-ch Women 2019"]
[Site "Tashkent"]
[Date "2019.05.09"]
[Round "6.5"]
[White "Kurbonboeva, Sarvinoz"]
[Black "Baymuratova, Sevara"]
[Result "1-0"]
[WhiteElo "2297"]
[BlackElo "2119"]
[Annotator "TA"]
[PlyCount "61"]
[EventDate "2019.05.04"]
[EventType "tourn"]
[EventCountry "UZB"]
[SourceTitle "playchess.com"]
[Source "ChessBase"]
[SourceQuality "1"]

{[%evp 12,61,50,56,46,56,58,50,72,74,77,61,193,97,266,282,371,354,357,356,365,367,356,353,339,339,396,406,398,322,359,352,384,376,460,460,462,459,499,408,460,458,612,603,659,508,754,730,940,921,1667,1605]} 1. d4 d5 2. c4 c6 3. Nf3 Nf6 4. Nc3 dxc4 5. e3 Bg4 6. Bxc4 e6 7. O-O Be7 {D11: Slav Defence: 3 Nf3 sidelines and 3...Nf6 4 e3 Bg4} (7... Nbd7 8. h3 Bh5 9. Qe2 Be7 10. Rd1 O-O 11. Bb3 Qc7 12. e4 Bxf3 13. Qxf3 e5 14. d5 Rfd8 15. dxc6 bxc6 16. Be3 Nc5 {½-½ (56) Anand,V (2670)-Barua,D (2555) Kolkata 1992}) 8. Qe2 Nbd7 9. Rd1 $146 ({Predecessor:} 9. Bb3 Qa5 10. h3 Bh5 11. e4 O-O 12. Bf4 Rfe8 13. Rad1 Rad8 14. g4 Bg6 15. Nh4 Bxe4 16. Nxe4 Nxe4 17. Qxe4 Bxh4 {1-0 (27) Luetje,J (2135)-Weigel,H (2010) Sottrum 2005}) 9... Qa5 {White is slightly better.} 10. h3 Bh5 11. e4 e5 {[#]} ({Black should try} 11... b5 $14) 12. d5 ({White must play} 12. g4 $1 $18 {[%cal Rg4h5]} Bg6 13. dxe5 Nxe5 14. Nxe5 Qxe5 15. f4 Bc5+ 16. Kf1) 12... O-O $2 {[#]} (12... Qc7 $16 {might work better.}) 13. g4 $1 $18 {[%cal Rg4h5]} cxd5 14. Nxd5 Nxd5 15. Rxd5 {[%mdl 64] Double Attack} (15. gxh5 N5b6 $16) 15... Qc7 16. gxh5 Nb6 17. b3 ({Weaker is} 17. Nxe5 Bf6 $18) 17... Nxd5 18. Bxd5 ({Much less strong is} 18. exd5 Bd6) 18... h6 19. Bb2 Bf6 20. Rd1 Rac8 21. Qb5 b6 22. Bc4 a6 23. Qxa6 Ra8 24. Qb5 Rxa2 25. Bxe5 Bxe5 26. Qxe5 {White is clearly winning.} Qc8 27. Kg2 Re8 28. Qd5 Qc7 {[#]} 29. Qd7 $1 Qxd7 30. Rxd7 Rxe4 31. Rd8+ {Accuracy: White = 74%, Black = 23%.} 1-0

[Event "UZB-ch Women 2019"]
[Site "Tashkent"]
[Date "2019.05.10"]
[Round "7.1"]
[White "Baymuratova, Sevara"]
[Black "Yakubbaeva, Nilufar"]
[Result "0-1"]
[WhiteElo "2119"]
[BlackElo "2134"]
[Annotator "ChessBase"]
[PlyCount "90"]
[EventDate "2019.05.04"]
[EventType "tourn"]
[EventCountry "UZB"]
[SourceTitle "playchess.com"]
[Source "ChessBase"]
[SourceQuality "1"]
[TimeControl "5400+30"]

1. d4 {[%emt 0:00:00]} Nf6 {[%emt 0:00:13]} 2. Nf3 {[%emt 0:00:26]} e6 {[%emt 0:00:43]} 3. g3 {[%emt 0:00:21]} d5 {[%emt 0:00:54]} 4. Bg2 {[%emt 0:00:13]} Be7 {[%emt 0:01:06]} 5. O-O {[%emt 0:00:08]} O-O {[%emt 0:01:05]} 6. c4 {[%emt 0:00:54]} b6 {[%emt 0:01:59]} 7. Nc3 {[%emt 0:04:11]} c6 {[%emt 0:03:13]} 8. b3 {[%emt 0:04:56]} Nbd7 {[%emt 0:04:05]} 9. Bb2 {[%emt 0:06:23]} Ba6 {[%emt 0:07:21]} 10. cxd5 {[%emt 0:08:28]} cxd5 {[%emt 0:01:49]} 11. a4 {[%emt 0:01:30]} Ne4 {[%emt 0:09:34]} 12. Nxe4 {[%emt 0:10:56]} dxe4 {[%emt 0:00:20]} 13. Nd2 {[%emt 0:05:10]} f5 {[%emt 0:01:51]} 14. Nc4 {[%emt 0:04:48]} Rc8 {[%emt 0:13:05]} 15. Rc1 {[%emt 0:04:38]} Nf6 {[%emt 0:06:26]} 16. f3 {[%emt 0:14:32]} Qd5 {[%emt 0:14:18]} 17. fxe4 {[%emt 0:08:17]} Nxe4 {[%emt 0:01:50]} 18. Qd3 {[%emt 0:00:14]} Bg5 {[%emt 0:03:50]} 19. Rc2 {[%emt 0:01:47]} Rf7 {[%emt 0:03:24]} 20. Bc1 {[%emt 0:02:16]} Bf6 {[%emt 0:02:34]} 21. Be3 {[%emt 0:01:50]} Rfc7 {[%emt 0:02:37]} 22. Rfc1 {[%emt 0:00:16]} h6 {[%emt 0:01:04]} 23. Bf3 {[%emt 0:02:36]} g5 {[%emt 0:01:26]} 24. g4 {[%emt 0:09:50]} Rf8 {[%emt 0:04:12]} 25. Bxe4 {[%emt 0:01:16]} fxe4 {[%emt 0:00:46]} 26. Qd2 {[%emt 0:01:17]} Rfc8 {[%emt 0:02:37]} 27. Qc3 {[%emt 0:05:32]} Bg7 {[%emt 0:00:08]} 28. Kg2 {[%emt 0:00:33]} Qd7 {[%emt 0:01:00]} 29. h3 {[%emt 0:00:16]} Bxc4 {[%emt 0:00:40]} 30. bxc4 {[%emt 0:00:05]} Qxa4 {[%emt 0:00:17]} 31. Ra1 {[%emt 0:00:28]} Rxc4 {[%emt 0:02:15]} 32. Qxc4 {[%emt 0:01:18]} Rxc4 {[%emt 0:00:20]} 33. Rxa4 {[%emt 0:00:12]} Rxc2 {[%emt 0:00:21]} 34. Kf2 {[%emt 0:00:41]} Rc7 {[%emt 0:00:42]} 35. Bd2 {[%emt 0:00:37]} a5 {[%emt 0:00:40]} 36. Ke3 {[%emt 0:00:11]} Rc2 {[%emt 0:01:04]} 37. Be1 {[%emt 0:00:39]} Bf6 {[%emt 0:00:59]} 38. Bg3 {[%emt 0:00:23]} Rc3+ {[%emt 0:01:17]} 39. Kf2 {[%emt 0:00:07]} Bd8 {[%emt 0:00:51]} 40. Kg2 {[%emt 0:01:10]} b5 {[%emt 0:00:37]} 41. Ra2 {[%emt 0:00:11]} b4 {[%emt 0:04:09]} 42. Be5 {[%emt 0:00:38]} b3 {[%emt 0:00:35]} 43. Ra1 {[%emt 0:00:19]} Kf7 {[%emt 0:00:48]} 44. d5 {[%emt 0:00:52]} Rc2 {[%emt 0:00:10]} 45. Kf1 {[%emt 0:00:30]} b2 {[%emt 0:00:20]} 0-1

[Event "UZB-ch Women 2019"]
[Site "Tashkent"]
[Date "2019.05.10"]
[Round "7.2"]
[White "Orazmukhammedova, Makhim"]
[Black "Kurbonboeva, Sarvinoz"]
[Result "1/2-1/2"]
[WhiteElo "1928"]
[BlackElo "2297"]
[Annotator "NA"]
[PlyCount "70"]
[EventDate "2019.05.04"]
[EventType "tourn"]
[EventCountry "UZB"]
[SourceTitle "playchess.com"]
[Source "ChessBase"]
[SourceQuality "1"]
[TimeControl "5400+30"]

1. d4 {[%emt 0:00:19]} Nf6 {[%emt 0:00:00]} 2. c4 {[%emt 0:00:05]} g6 {[%emt 0:00:00]} 3. Nc3 {[%emt 0:00:05]} Bg7 {[%emt 0:00:00]} 4. e4 {[%emt 0:00:18]} d6 {[%emt 0:00:03]} 5. Be2 {[%emt 0:00:07]} O-O {[%emt 0:00:08]} 6. Bg5 {[%emt 0:00:05]} Na6 {[%emt 0:01:33]} 7. Nf3 {[%emt 0:00:55]} h6 {[%emt 0:02:51]} 8. Bh4 {[%emt 0:00:17]} e5 {[%emt 0:01:39]} 9. d5 {[%emt 0:03:24]} c6 {[%emt 0:03:47] E92: King's Indian: Classical: 6 Be2 e5: 7 dxe5, 7 Be3 and Petrosian System without 7...Nbd7} 10. O-O {[%emt 0:01:30]} cxd5 {[%emt 0:16:44]} (10... Qb6 11. dxc6 bxc6 12. Bxf6 Bxf6 13. Qxd6 Kg7 14. Na4 Qb7 15. Qa3 Rb8 16. b3 Bg4 17. Rad1 {½-½ (36) L'Ami,E (2634)-Gordievsky,D (2622) Wijk aan Zee 2018}) 11. cxd5 {[%emt 0:00:11]} Bd7 {[%emt 0:02:35]} 12. Nd2 {[%emt 0:01:52]} Qb8 {[%emt 0:18:18]} 13. Bxa6 $146 {[%emt 0:14:00]} ({Predecessor:} 13. Qb1 Nh7 14. g4 Bf6 15. Bxf6 Nxf6 16. f3 Nc7 17. b4 {0-1 (33) Ansner,B (2140)-Olesen,M (2340) Stockholm 1994}) 13... bxa6 {[%emt 0:00:07]} 14. Qb3 {[%emt 0:01:56]} Rc8 {[%emt 0:04:44]} 15. f3 {[%emt 0:03:18]} h5 {[%emt 0:07:13]} 16. Qc2 {[%emt 0:18:30]} Be8 {[%emt 0:07:55]} 17. Rab1 {[%emt 0:04:38]} Nd7 {[%emt 0:02:27]} 18. Rfc1 {[%emt 0:03:32]} Bh6 {[%emt 0:00:54]} 19. Bf2 {[%emt 0:00:08]} a5 {[%emt 0:07:09]} 20. b3 {[%emt 0:07:00]} Qb4 {[%emt 0:05:36]} 21. a3 {[%emt 0:23:44]} Qxc3 {[%emt 0:02:45]} 22. Qxc3 {[%emt 0:00:03]} Rxc3 {[%emt 0:00:05]} 23. Rxc3 {[%emt 0:00:05]} Bxd2 {[%emt 0:00:05]} 24. Rc6 {[%emt 0:05:54]} Nb6 {[%emt 0:02:36]} 25. Rxd6 {[%emt 0:00:53]} Bg5 {[%emt 0:02:23]} 26. Bxb6 {[%emt 0:04:42]} axb6 {[%emt 0:00:05]} 27. Kh1 {[%emt 0:01:47]} Rb8 {[%emt 0:00:50]} 28. f4 {[%emt 0:02:53]} exf4 {[%emt 0:01:23]} 29. Rc1 {[%emt 0:01:21]} Be7 {[%emt 0:00:08]} 30. Rdc6 {[%emt 0:00:35]} Bxc6 {[%emt 0:00:08]} 31. Rxc6 {[%emt 0:00:03]} Bxa3 {[%emt 0:01:23]} 32. d6 {[%emt 0:00:11]} Rd8 {[%emt 0:00:33]} 33. e5 {[%emt 0:00:52]} Bb2 {[%emt 0:00:07]} 34. Rxb6 {[%emt 0:00:16]} Bxe5 $19 {[%emt 0:00:05]} 35. Rb5 {[%emt 0:00:03]} Rxd6 {[%emt 0:00:21]} 1/2-1/2